[Event "44th National A ch-IND"]
[Site "Atul IND"]
[Date "2006.12.20"]
[Round "4"]
[White "Karavade,E"]
[Black "Sundararajan,K"]
[Result "0-1"]
[WhiteElo "2321"]
[BlackElo "2451"]

1.d4 d5 2.c4 c6 3.Nc3 Nf6 4.e3 e6 5.Nf3 Nbd7 6.Bd3 dxc4 7.Bxc4 b5 8.Bd3 Bd6
9.O-O O-O 10.Qc2 Bb7 11.a3 a5 12.h3 b4 13.Ne4 Nxe4 14.Bxe4 Nf6 15.Bd3 c5
16.dxc5 Bxc5 17.e4 Rc8 18.Qe2 Nh5 19.Be3 bxa3 20.bxa3 Bxe3 21.Qxe3 Rc3 22.Rfd1 Nf4
23.Qxf4 Rxd3 24.Rdb1 Ba8 25.Qe5 Qf6 26.Qxf6 gxf6 27.Rb5 Bxe4 28.Rxa5 Bxf3
29.gxf3 Rc8 30.Rb1 Rxf3 31.Kg2 Rcc3 32.Rh5 Rxa3 33.Rb4 f5 34.Rbh4 Rfc3 35.Rxh7 Ra2
36.R7h5 Rcc2 37.Rg5+ Kf8 38.Rf4 Ke7 39.h4 Kf6 40.Kg3 Ra3+ 41.Kg2 Re3 42.Rg3 Rxg3+
43.Kxg3 e5 44.Ra4 f4+ 45.Kf3 Kf5 46.Ra5 Rc3+ 47.Kg2 f6 48.Ra6 e4 49.h5 Kg5
50.Ra5+ f5 51.h6 Rc7 52.Ra8 Kxh6 53.Rf8 Kg6 54.Rg8+ Kf6  0-1

[Event "XIX Carlos Torre Mem"]
[Site "Merida MEX"]
[Date "2006.12.20"]
[Round "8"]
[White "Fernandez,D USA"]
[Black "Escobedo Tinajero,A"]
[Result "1/2-1/2"]
[WhiteElo "2451"]
[BlackElo "2383"]

1.d4 d5 2.c4 e6 3.Nf3 Nf6 4.Nc3 c6 5.e3 Nbd7 6.Bd3 dxc4 7.Bxc4 b5 8.Bd3 Bb7
9.e4 b4 10.Na4 c5 11.e5 Nd5 12.O-O cxd4 13.Re1 a6 14.Nxd4 Nc5 15.Bc2 Qa5
16.Nxc5 Bxc5 17.Nb3 Qb6 18.Nxc5 Qxc5 19.Bg5 h6 20.Rc1 Kf8 21.Be4 Qb6 22.Bd2 Rd8
23.Rc4 a5 24.Qc1 Ke7 25.Bxd5 exd5 26.Rg4 Rc8 27.Qd1 g5 28.h4 Qe6 29.hxg5 hxg5
30.Bxg5+ Kd7 31.Rf4 d4 32.Qxd4+ Ke8 33.Bh4 Rg8 34.Rd1 Rxg2+ 35.Kf1 Qa6+ 36.Rd3 Kf8
37.Qd6+ Qxd6 38.exd6 Rc1+ 39.Ke2 Rgg1 40.Be7+ Kg8 41.Ke3 Bc6 42.Bf6 Kf8 43.Rh4 Rge1+
44.Kd4 Ke8 45.Bg5 Rc2 46.Rd2 Rxd2+ 47.Bxd2  1/2-1/2

[Event "44th National A ch-IND"]
[Site "Atul IND"]
[Date "2006.12.21"]
[Round "5"]
[White "Sundararajan,K"]
[Black "Arun Prasad,S"]
[Result "1/2-1/2"]
[WhiteElo "2451"]
[BlackElo "2424"]

1.d4 d5 2.c4 c6 3.Nc3 Nf6 4.e3 e6 5.Nf3 a6 6.Bd2 c5 7.cxd5 exd5 8.Be2 Nc6
9.O-O Bd6 10.dxc5 Bxc5 11.Rc1 Bd6 12.Qa4 Be6 13.Nd4 Bd7 14.Qb3 Na5 15.Qc2 O-O
16.Nf5 Be5 17.Rfd1 Rc8 18.Be1 g6 19.Nd4 Bb8 20.Bf3 Nc4 21.Qe2 Nb6 22.Nb1 Qe7
23.b3 Rxc1 24.Rxc1 Rc8 25.Rxc8+ Bxc8 26.Ba5  1/2-1/2

[Event "44th National A ch-IND"]
[Site "Atul IND"]
[Date "2006.12.21"]
[Round "5"]
[White "Karavade,E"]
[Black "Prakash,G"]
[Result "1-0"]
[WhiteElo "2321"]
[BlackElo "2403"]

1.d4 d5 2.c4 e6 3.Nc3 Nf6 4.Nf3 c6 5.e3 Nbd7 6.Bd3 dxc4 7.Bxc4 b5 8.Bd3 Bb7
9.e4 b4 10.Na4 c5 11.e5 Nd5 12.O-O h6 13.Re1 Rc8 14.Qe2 Be7 15.Bd2 g5 16.dxc5 Nxc5
17.Nxc5 Bxc5 18.h3 Rg8 19.Nh2 g4 20.hxg4 h5 21.Be4 Qb6 22.gxh5 Rg3 23.Ng4 Rd8
24.Bg5 Be7 25.Bxe7 Nf4 26.Qc2 Nxg2 27.Bc5 Nxe1+ 28.fxg3 f5 29.Qa4+  1-0

[Event "Sub-Zt 2.3.4"]
[Site "Bogota COL"]
[Date "2006.12.21"]
[Round "6"]
[White "Ruiz,Al"]
[Black "Zuluaga,C"]
[Result "0-1"]
[WhiteElo "2242"]
[BlackElo "2278"]

1.d4 d5 2.c4 c6 3.Nc3 Nf6 4.e3 e6 5.Nf3 Nbd7 6.Qc2 a6 7.Bd3 dxc4 8.Bxc4 b5
9.Bd3 Bb7 10.a4 Rc8 11.O-O b4 12.Nb1 c5 13.Qe2 Nb8 14.Nbd2 Be7 15.Nb3 cxd4
16.exd4 O-O 17.Bf4 Bd5 18.Nbd2 a5 19.Be5 Nc6 20.Rfd1 b3 21.Ba6 Ra8 22.Bc4 Qb6
23.Nxb3 Rfc8 24.Bxd5 Nxd5 25.Qb5 Nxe5 26.dxe5 Qa7 27.Nbd4 Rcb8 28.Qe2 Qb6
29.Nb5 Rc8 30.Rac1 h6 31.g3 Rc5 32.Rxc5 Qxc5 33.Nfd4 Rc8 34.h4 Nb4 35.Nc3 Rd8
36.Nf5 Rxd1+ 37.Qxd1 Nc6 38.Qe2 Nd4 39.Nxd4 Qxd4 40.Qe4 Bc5 41.Qa8+ Kh7 42.Qe4+ Qxe4
43.Nxe4 Bd4 44.Nd6 Bxe5 45.Nxf7 Bc7 46.f4 Kg6 47.Nh8+ Kf5 48.Nf7 Kf6 49.Nh8 Kf5
50.Nf7 Kf6 51.Nh8 g6 52.Kf2 Kg7 53.Nxg6 Kxg6 54.Kf3 h5 55.g4 Bd6 56.b3 Bc7
57.Kg3 Bb8 58.Kf3 Bd6 59.Kg3 Bb4 60.Kf3 Bc3 61.Kg3 Be1+ 62.Kf3 Bxh4 63.gxh5+ Kxh5
64.Ke4 Kg6 65.Ke5 Kf7  0-1

[Event "44th National A ch-IND"]
[Site "Atul IND"]
[Date "2006.12.22"]
[Round "6"]
[White "Ravi,L"]
[Black "Sundararajan,K"]
[Result "1-0"]
[WhiteElo "2408"]
[BlackElo "2451"]

1.d4 d5 2.c4 c6 3.Nc3 Nf6 4.e3 e6 5.Nf3 Nbd7 6.Bd3 dxc4 7.Bxc4 b5 8.Bd3 a6
9.e4 c5 10.d5 c4 11.Bc2 Qc7 12.O-O Bc5 13.Bg5 e5 14.Ne2 h6 15.Bd2 Nf8 16.b3 cxb3
17.axb3 Ng6 18.Bd3 O-O 19.Qc1 Bg4 20.b4 Bxf3 21.gxf3 Qd7 22.Kh1 Ng4 23.Ng1 Bd4
24.Ra3 Rac8 25.Qd1 Qd6 26.Bb1 a5 27.f4 exf4 28.Rh3 Nf6 29.bxa5 Rfe8 30.Rd3 Ba7
31.f3 Nd7 32.Rb3 Ndf8 33.Ne2  1-0

[Event "13th Int"]
[Site "Tuzla BIH"]
[Date "2006.12.23"]
[Round "1"]
[White "Iveljic,I"]
[Black "Avdic,A"]
[Result "1-0"]
[WhiteElo "2280"]
[BlackElo "2288"]

1.c4 Nf6 2.Nf3 c6 3.d4 d5 4.e3 e6 5.Nc3 Nbd7 6.Bd3 dxc4 7.Bxc4 b5 8.Bd3 Bb7
9.O-O a6 10.Qe2 c5 11.Bc2 Rc8 12.a3 b4 13.axb4 cxb4 14.Na4 Be7 15.Bd3 a5
16.e4 O-O 17.Bg5 Nh5 18.Bd2 g6 19.Rfc1 Rxc1+ 20.Rxc1 Qb8 21.Qe3 Rd8 22.b3 Ndf6
23.h3 Bd6 24.Qe2 Nf4 25.Bxf4 Bxf4 26.Rc2 Nd7 27.Nc5 Nxc5 28.Rxc5 Bc7 29.Rc1 Bb6
30.Qe3 Qd6 31.Qh6 Bxd4 32.Ng5 Bg7 33.Qxh7+ Kf8 34.Be2 Qf4 35.Rc5 a4 36.bxa4 b3
37.g3 Qf6 38.Qh4 Qa1+ 39.Kh2 Qd4 40.Qf4 Rd7 41.Nxe6+ Ke7 42.Nxd4 Bxd4 43.Rc7 b2
44.Rxd7+ Kxd7 45.Bb5+  1-0

[Event "Harmonie"]
[Site "Groningen NED"]
[Date "2006.12.26"]
[Round "3"]
[White "Geirnaert,S"]
[Black "Degtiarev,E"]
[Result "1-0"]
[WhiteElo "2338"]
[BlackElo "2393"]

1.d4 Nf6 2.c4 c6 3.Nc3 d5 4.Nf3 e6 5.e3 a6 6.c5 Nbd7 7.Bd3 e5 8.Nxe5 Nxe5
9.dxe5 Ng4 10.f4 Bxc5 11.Qe2 f5 12.O-O O-O 13.h3 Nh6 14.Bd2 Be7 15.Rac1 b5
16.a4 b4 17.Nd1 c5 18.b3 Qb6 19.Kh2 Be6 20.Nf2 Kh8 21.g4 g6 22.g5 Nf7 23.Nh1 Nd8
24.Ng3 Nb7 25.h4 Na5 26.Bc2 c4 27.bxc4 Nxc4 28.h5 Kg7 29.Rh1 Bc5 30.Nf1 b3
31.Rb1 b2 32.a5 Qa7 33.Bc3 d4 34.Bxb2 Rab8 35.Bc1 Bd5 36.Rg1 dxe3 37.Rg3 Rxb1
38.Bxb1 Nxe5 39.Bb2 Bd4 40.Rxe3 Ng4+ 41.Kh3 Kg8 42.Re7 Qc5 43.Bxd4 Qxd4 44.Ba2 Nf2+
45.Kg3 Nh1+ 46.Kh3 Nf2+ 47.Kg3 Ne4+ 48.Kh4 Nc3 49.Bxd5+ Nxd5 50.Qe6+ Kh8
51.Qe5+ Qxe5 52.Rxe5 Nxf4 53.h6 Rc8 54.Kg3 Nd3 55.Re6 Kg8 56.Rxa6 Rc7 57.Rd6 Ne5
58.a6 Kf7 59.Rb6 Rc3+ 60.Kf4 Nd7 61.Rb7 Rc4+ 62.Kf3 Ke6 63.a7 Ra4 64.Ne3 Ra3
65.Ke2 Ra2+ 66.Ke1 Kd6 67.Nd5 f4 68.Nf6 Nc5 69.Rxh7 f3 70.Rf7 Ke6 71.h7 f2+
72.Kf1 Nd3 73.Ne4 Ra1+ 74.Ke2 Kxf7 75.Nxf2 Kg7 76.Nxd3 Rxa7 77.Kf3 Ra5 78.Nf4 Kxh7
79.Kg4 Kg7 80.Ne6+ Kf7 81.Nf4 Re5 82.Nd3 Rd5 83.Nf4 Rd2 84.Kf3 Rd1 85.Kg4 Rd6
86.Kf3 Ra6 87.Kg4 Ke7 88.Kf3 Kd7 89.Ke4 Ra4+ 90.Kf3 Ra6 91.Ke4 Ke8 92.Kf3 Kf7
93.Kg4 Ra1 94.Kg3 Rf1 95.Kg4 Rb1 96.Kg3 Rb5 97.Kg4 Rf5 98.Nd3 Rf1 99.Nf4 Rg1+
100.Kh4 Kg7 101.Ne6+ Kg8 102.Nf4 Kf7 103.Nh3 Rd1 104.Nf4  1-0

[Event "Masters"]
[Site "Singapore SIN"]
[Date "2006.12.26"]
[Round "1"]
[White "Nava,R"]
[Black "Dableo,R"]
[Result "1/2-1/2"]
[WhiteElo "2348"]
[BlackElo "2425"]

1.Nf3 d5 2.d4 Nf6 3.c4 e6 4.Nc3 c6 5.e3 Be7 6.Qc2 O-O 7.Bd3 Nbd7 8.O-O dxc4
9.Bxc4 b5 10.Bd3 Bb7  1/2-1/2

[Event "Masters"]
[Site "Singapore SIN"]
[Date "2006.12.26"]
[Round "1"]
[White "Le Quang Liem"]
[Black "Nguyen Huynh Minh H"]
[Result "1/2-1/2"]
[WhiteElo "2519"]
[BlackElo "2395"]

1.d4 d5 2.c4 c6 3.Nf3 Nf6 4.Nc3 e6 5.e3 a6 6.b3 Bb4 7.Bd2 Nbd7 8.Bd3 O-O
9.O-O Bd6 10.c5 Bc7 11.e4 e5 12.dxe5 Nxe4 13.Nxe4 dxe4 14.Bg5 f6 15.Bc4+ Kh8
16.exf6 gxf6 17.Nd4 Nxc5 18.Bh6 Qd6 19.g3 Rd8 20.Qh5 Qe7 21.Rad1 Nd3 22.Bxd3 Rxd4
23.Rfe1 Be6 24.Bxe4 Rxd1 25.Rxd1 Rd8 26.Rxd8+ Bxd8 27.Be3 Bg8 28.Qg4 Bc7
29.h4 Bd6 30.h5 Bc5 31.Bd2 Qg7 32.Qf4 Bd4 33.h6 Qe7 34.Bf3 Be5 35.Qh4 Be6
36.Be3 Kg8 37.Be4 Qd7 38.Kh2 Qd1 39.Bf4 Bd4 40.Be3 Be5 41.Kg2 Bg4 42.f3 Be6
43.g4 Bd5 44.Qh5 Qe2+ 45.Bf2 Kf8 46.Bxd5 cxd5 47.Qf5 Bd4 48.Qc8+ Ke7 49.Qxb7+ Ke6
50.Qc6+ Ke7 51.Qc7+ Ke6 52.Qc8+ Ke7 53.Qb7+ Ke6 54.Qc6+ Ke7  1/2-1/2

[Event "Masters"]
[Site "Singapore SIN"]
[Date "2006.12.26"]
[Round "2"]
[White "Wu Shaobin"]
[Black "Wang Li"]
[Result "0-1"]
[WhiteElo "2475"]
[BlackElo "2226"]

1.d4 d5 2.c4 c6 3.Nf3 e6 4.e3 Nf6 5.Nc3 Nbd7 6.Qc2 b6 7.cxd5 exd5 8.Be2 Be7
9.O-O O-O 10.b3 Bb7 11.Bb2 Rc8 12.Rad1 Re8 13.Qf5 Bd6 14.Rfe1 Rc7 15.Bf1 Bc8
16.Qb1 Nf8 17.h3 Ng6 18.a3 Rce7 19.b4 b5 20.Na2 Ne4 21.Nc1 Bc7 22.Nd3 f6
23.Qc2 Qd6 24.g3 h5 25.Nf4 Bf5 26.Nxg6 Bxg6 27.Bd3 Re6 28.Rc1 R8e7 29.Red1 Bf5
30.Kg2 g5 31.Bc3 Bxh3+ 32.Kxh3 g4+ 33.Kg2 gxf3+ 34.Kf1 h4 35.Bxe4 Rxe4 36.Ke1 hxg3
37.Kd2 g2 38.Rg1 Qh2 39.Qd1 Qh3 40.Bb2 Bh2 41.Re1 Rg7 42.Rxc6 g1=Q 43.Rxg1 Bxg1
44.Qb3 Qf5 45.Rd6 Rd7  0-1

[Event "Masters"]
[Site "Singapore SIN"]
[Date "2006.12.26"]
[Round "2"]
[White "Liu Yang"]
[Black "Goh Koon Jong,J"]
[Result "0-1"]
[WhiteElo "2050"]
[BlackElo "2394"]

1.d4 Nf6 2.c4 e6 3.Nf3 d5 4.Nc3 c6 5.e3 Nbd7 6.cxd5 exd5 7.Be2 Bd6 8.O-O O-O
9.Rb1 a5 10.a3 Qe7 11.Qc2 Re8 12.Bd2 Nf8 13.Na4 Bg4 14.b4 Ne4 15.Be1 axb4
16.axb4 Qf6 17.Nc5 Qh6 18.Ne5 Bf5 19.Nxe4 Bxe4 20.Bd3 Bxe5 21.dxe5 Rxe5 22.Bc3 Rh5
23.h3 Rxh3  0-1

[Event "44th National A ch-IND"]
[Site "Atul IND"]
[Date "2006.12.27"]
[Round "11"]
[White "Kunte,A"]
[Black "Arun Prasad,S"]
[Result "1/2-1/2"]
[WhiteElo "2524"]
[BlackElo "2424"]

1.d4 d5 2.c4 c6 3.Nc3 Nf6 4.e3 e6 5.Nf3 a6 6.c5 b6 7.cxb6 Nbd7 8.Bd3 Qxb6
9.O-O c5 10.Na4 Qa7 11.b3 cxd4 12.Nxd4 Bd6 13.Bb2 Ne5 14.Be2 Bd7 15.Nc3 O-O
16.Rc1 Rfc8 17.f4 Nc6 18.Na4 Ne7 19.Qd3 Rxc1 20.Rxc1 Ne4 21.Nc3 Nf6 22.Na4 Ne4
23.Nc3 Nf6  1/2-1/2

[Event "Masters"]
[Site "Singapore SIN"]
[Date "2006.12.27"]
[Round "3"]
[White "Tirto"]
[Black "Teo,W"]
[Result "1-0"]
[WhiteElo "2429"]
[BlackElo "2195"]

1.d4 d5 2.c4 c6 3.Nc3 e6 4.e3 Nf6 5.Nf3 Nbd7 6.Qc2 Bd6 7.Bd3 O-O 8.O-O Qe7
9.b3 e5 10.cxd5 cxd5 11.e4 dxe4 12.Nxe4 Nxe4 13.Bxe4 h6 14.Re1 Qf6 15.Bb2 exd4
16.Bxd4 Qd8 17.Rad1 Qc7 18.Qb2 f6 19.Bd5+ Kh7 20.Qb1+ f5 21.Rc1 Qa5 22.Be6 Nb6
23.Bc3 Qa6 24.Nd4 g6 25.h4 h5 26.Rcd1 Nd7 27.Nxf5 Be5 28.Bxd7 Bxc3 29.Re7+ Kh8
30.Qc1  1-0

[Event "Masters"]
[Site "Singapore SIN"]
[Date "2006.12.27"]
[Round "4"]
[White "Wu Wenjin"]
[Black "Zhang Pengxiang"]
[Result "0-1"]
[WhiteElo "2476"]
[BlackElo "2636"]

1.Nf3 d5 2.d4 c6 3.e3 Nf6 4.c4 e6 5.Nc3 Nbd7 6.Qc2 Bd6 7.b3 O-O 8.Be2 dxc4
9.bxc4 e5 10.O-O exd4 11.exd4 Re8 12.Bd3 Nf8 13.Bg5 Bg4 14.Rab1 Bxf3 15.gxf3 Ne6
16.Be3 Nh5 17.Ne2 Qh4 18.Ng3 Nhf4 19.Bxf4 Nxf4 20.Kh1 Re6  0-1

[Event "13th Int"]
[Site "Tuzla BIH"]
[Date "2006.12.27"]
[Round "7"]
[White "Karahmetovic,A"]
[Black "Rosic,S1"]
[Result "1-0"]
[WhiteElo "2287"]
[BlackElo "2307"]

1.d4 Nf6 2.Nf3 d5 3.c4 c6 4.e3 e6 5.Nc3 Nbd7 6.Qc2 dxc4 7.Bxc4 b5 8.Be2 a6
9.O-O Bb7 10.e4 c5 11.d5 exd5 12.Nxd5 Bxd5 13.exd5 Bd6 14.a4 b4 15.Bxa6 O-O
16.Bb5 Rc8 17.Bg5 Rc7 18.Rfd1 h6 19.Bxf6 Nxf6 20.Bc6 Re7 21.a5 Qb8 22.a6 Qa7
23.Bb7 c4 24.Nd4 Re4 25.Nb5 Qb6 26.Nxd6 Qxd6 27.a7 b3 28.Qc3 Rf4 29.a8=Q Rxa8
30.Bxa8 Rxf2 31.Qg3 Rf4 32.Rf1 Qc5+ 33.Kh1 Nh5 34.Qxf4 Nxf4 35.Rxf4 c3 36.bxc3 Qxc3
37.Rff1 Qb4 38.Rfd1 Qb8 39.Bc6 Qd6 40.Rab1  1-0

[Event "44th National A ch-IND"]
[Site "Atul IND"]
[Date "2006.12.28"]
[Round "12"]
[White "Harika,D"]
[Black "Barua,D"]
[Result "1/2-1/2"]
[WhiteElo "2353"]
[BlackElo "2471"]

1.d4 d5 2.c4 e6 3.Nc3 c6 4.e3 Nf6 5.Nf3 Nbd7 6.Qc2 Bd6 7.g4 dxc4 8.Bxc4 Qe7
9.e4 e5 10.g5 Nh5 11.Be3 exd4 12.Nxd4 Nb6 13.Be2 Nf4 14.O-O-O Nxe2+ 15.Ncxe2 Bd7
16.h4 Bc7 17.Nf5 Bxf5 18.exf5 Nd5 19.Bc5 Bd6 20.f6 gxf6 21.gxf6 Qxf6 22.Nc3 O-O
23.Nxd5 cxd5 24.Rxd5 Bxc5 25.Rxc5 Kh8  1/2-1/2

[Event "Czech Christmas"]
[Site "Litomysl CZE"]
[Date "2006.12.28"]
[Round "3"]
[White "Ganaus,H"]
[Black "Aepfler,C"]
[Result "1/2-1/2"]
[WhiteElo "2326"]
[BlackElo "2235"]

1.d4 d5 2.Nf3 Nf6 3.c4 e6 4.Nc3 c6 5.e3 Nbd7 6.b3 Bd6 7.Bd3 O-O 8.Bb2 Qe8
9.Qc2 e5 10.cxd5 cxd5 11.dxe5 Nxe5 12.Nd4 Nxd3+  1/2-1/2

[Event "Czech Christmas"]
[Site "Litomysl CZE"]
[Date "2006.12.28"]
[Round "4"]
[White "Cerveny,M"]
[Black "Petr,Ma"]
[Result "0-1"]
[WhiteElo "2297"]
[BlackElo "2417"]

1.d4 e6 2.c4 d5 3.Nc3 c6 4.e3 Nf6 5.Nf3 Nbd7 6.Bd3 dxc4 7.Bxc4 b5 8.Bd3 Bd6
9.O-O O-O 10.e4 e5 11.Bg5 exd4 12.Nxd4 Ne5 13.Be2 h6 14.Bxf6 Qxf6 15.a3 Rd8
16.Qc2 Bc5 17.Nf5 Bxf5 18.exf5 Bd4 19.Kh1 Rab8 20.Rad1 a5 21.f4 Nc4 22.Bxc4 bxc4
23.Na4 c5 24.Qxc4 Qxf5 25.b3 Re8 26.Nc3 Qc2 27.Nb5 Re2 28.Qxc2 Rxc2 29.Nxd4 cxd4
30.Rxd4 Rxb3 31.Ra4 Rf2 32.Rg1 Rb5 33.h3 Rf5 34.g3 h5 35.Rg2 Rf3 36.h4 Rc5
37.Kh2 Kh7 38.Re2 f6 39.Rg2 Kh6 40.g4 hxg4 41.Rxg4 Rc2+ 42.Rg2 Rcc3 43.Rxa5 Rh3+
44.Kg1 Rxa3 45.Rxa3 Rxa3 46.Kf2 Rh3 47.Rg1 Rxh4 48.Kg3 Rh5 49.Kf3 Ra5 50.Rg2 Ra3+
51.Ke4 g6 52.Rh2+ Kg7 53.Rh1 f5+ 54.Kd5 Rf3 55.Ke5 Re3+ 56.Kd6 Kf7 57.Kd5 Rd3+
58.Kc5 Rf3 59.Rh4 Rg3  0-1

[Event "Masters"]
[Site "Singapore SIN"]
[Date "2006.12.28"]
[Round "5"]
[White "Wang Rui"]
[Black "Lim Yee Weng"]
[Result "0-1"]
[WhiteElo "2463"]
[BlackElo "2307"]

1.d4 d5 2.c4 c6 3.Nc3 Nf6 4.e3 e6 5.Nf3 Nbd7 6.Qc2 Bd6 7.Bd3 dxc4 8.Bxc4 b5
9.Be2 Bb7 10.O-O O-O 11.Rd1 Qb8 12.e4 e5 13.Bg5 Re8 14.dxe5 Bxe5 15.Nxe5 Qxe5
16.Be3 b4 17.Na4 Qxe4 18.Bd3 Qh4 19.Bf5 Ne5 20.Rd4 Nfg4 21.h3 Nxe3 22.Rxh4 Nxc2
23.Bxh7+ Kf8 24.Bxc2 Rad8 25.Rxb4 Ba6 26.Nc5 Rd2 27.Rc1 Bc8 28.Rb8 Nd7 29.Nxd7+ Bxd7
30.Rxe8+ Kxe8 31.Kf1 Be6 32.Ke1 Rd5 33.Ba4 Re5+ 34.Kf1 Kd8 35.b3 c5 36.Re1 Rd5
37.Ke2 Kc7 38.Rd1 Re5+ 39.Kd2 Rg5 40.g4 Rd5+ 41.Kc2 Rxd1 42.Kxd1 g5 43.Ke2 Kd6
44.Bb5 Ke5 45.Ke3 f5 46.gxf5 Bxf5 47.Bf1 a5 48.Kd2 Kd4 49.Bg2 Bb1 50.Kc1 Bf5
51.Kb2 Bd7 52.Bf1 Ke4 53.Kc3 Kf3 54.Kc4 Kxf2 55.Bd3 Bxh3 56.Kxc5 Bd7 57.Kd6 Bc8
58.Be4 g4 59.a3 g3 60.Ke5 Bh3 61.b4 axb4 62.axb4 Bg2 63.Bf5 Bf3 64.Bh3 Bg4
65.Bxg4 g2 66.b5 g1=Q 67.Bd7 Ke2 68.Bc6 Kd3  0-1

[Event "Masters"]
[Site "Singapore SIN"]
[Date "2006.12.28"]
[Round "5"]
[White "Tirto"]
[Black "Shen Siyuan"]
[Result "1-0"]
[WhiteElo "2429"]
[BlackElo "2292"]

1.d4 d5 2.c4 c6 3.Nc3 Nf6 4.e3 e6 5.Nf3 Nbd7 6.Qc2 Bd6 7.Bd3 Qe7 8.O-O O-O
9.Rd1 dxc4 10.Bxc4 e5 11.h3 h6 12.Nh4 Nb6 13.Bb3 Be6 14.Nf5 Bxf5 15.Qxf5 Rad8
16.Bd2 Bb8 17.Ne4 Nbd5 18.Nxf6+ Qxf6 19.Qxf6 Nxf6 20.Bb4 Rfe8 21.dxe5 Bxe5
22.Ba3 Ne4 23.Rxd8 Rxd8 24.Rd1 Rxd1+ 25.Bxd1 a5 26.Bc2 b5 27.Bxe4 b4 28.Bxb4 axb4
29.a4 bxa3 30.bxa3 c5 31.Kf1 Kf8 32.Ke2 Bc3 33.Kd3 Be1 34.f3 Ke7 35.Bd5 f6
36.Kc4 Kd6 37.a4 h5 38.g4 hxg4  1-0

[Event "Masters"]
[Site "Singapore SIN"]
[Date "2006.12.28"]
[Round "6"]
[White "Wu Xibin"]
[Black "Wu Wenjin"]
[Result "0-1"]
[WhiteElo "2394"]
[BlackElo "2476"]

1.c4 e6 2.Nc3 d5 3.d4 c6 4.e3 Nf6 5.Nf3 Nbd7 6.Qc2 Bd6 7.g4 Bb4 8.Bd2 Qe7
9.g5 Bxc3 10.Bxc3 Ne4 11.Rg1 b6 12.O-O-O Bb7 13.Bd3 Nxc3 14.Qxc3 c5 15.cxd5 exd5
16.Kb1 c4 17.Bf5 g6 18.Bxd7+ Qxd7 19.Ne5 Qf5+ 20.Ka1 O-O-O 21.Rg4 Rhf8 22.Rf4 Qxg5
23.Nxf7 Qh5 24.Rc1 g5 25.Nxd8 gxf4 26.Ne6 Rg8 27.Qa3 Qf7 28.Nxf4 Kb8 29.Qd6+ Qc7
30.Qe6 Qd8 31.h4 a6 32.b3 b5 33.h5 Ka7 34.Kb2 Rf8 35.Rg1 Qa5 36.Qe7 Qd2+
37.Ka3 Qa5+ 38.Kb2 Qd2+ 39.Ka3 Rc8 40.Rg7 Rc7  0-1

[Event "13th Int"]
[Site "Tuzla BIH"]
[Date "2006.12.28"]
[Round "9"]
[White "Solomunovic,I"]
[Black "Mrkonjic,N"]
[Result "1/2-1/2"]
[WhiteElo "2412"]
[BlackElo "2379"]

1.d4 d5 2.c4 c6 3.Nf3 Nf6 4.Nc3 e6 5.e3 Be7 6.Qc2 O-O 7.Be2 Nbd7 8.O-O h6
9.e4 dxe4 10.Nxe4 Nxe4 11.Qxe4 Nf6  1/2-1/2

[Event "1st Hotel Bern Open"]
[Site "Bern SUI"]
[Date "2006.12.29"]
[Round "5"]
[White "Djuric,S"]
[Black "Gonda,L"]
[Result "0-1"]
[WhiteElo "2468"]
[BlackElo "2495"]

1.Nf3 d5 2.c4 c6 3.e3 Nf6 4.Nc3 e6 5.d4 Nbd7 6.Bd3 dxc4 7.Bxc4 b5 8.Bb3 Be7
9.O-O Bb7 10.e4 b4 11.e5 bxc3 12.exf6 Nxf6 13.bxc3 O-O 14.Be3 Rc8 15.Qe2 c5
16.Rfd1 Qa5 17.c4 Rfd8 18.Rac1 Qb6 19.dxc5 Bxc5 20.Rxd8+ Rxd8 21.Bg5 Qc6
22.Bxf6 gxf6 23.Bc2 Qc7 24.Rb1 Bb6 25.Be4 Ba6 26.Bd3 Qf4 27.g3 Qd6 28.Rb3 Qc5
29.Nd2 f5 30.Kg2 Bb7+ 31.Nf3 Qc6 32.h3 Rd4 33.Qe3 f4 34.gxf4 Rd7 35.Qe2 Rd4
36.Kg3 Ba8 37.c5 Bc7 38.Nxd4 Qg2+ 39.Kh4 Bd8+ 40.Kh5 Qxh3+  0-1

[Event "27th Open A"]
[Site "Bethune FRA"]
[Date "2006.12.29"]
[Round "8"]
[White "Wallart,A"]
[Black "Lecoq,J"]
[Result "0-1"]
[WhiteElo "2235"]
[BlackElo "2087"]

1.d4 d5 2.Nf3 Nf6 3.c4 c6 4.Nc3 e6 5.e3 Nbd7 6.Qc2 a6 7.a4 a5 8.Bd3 Bd6 9.O-O O-O
10.e4 dxe4 11.Nxe4 Nxe4 12.Bxe4 h6 13.Rd1 Qe7 14.Re1 Qf6 15.Bd2 e5 16.c5 Bc7
17.d5 cxd5 18.Bxd5 Ra6 19.Rac1 Nb8 20.Bc3 Re8 21.Qb3 Nc6 22.Nd2 Rd8 23.Ne4 Qe7
24.Rcd1 Nb4 25.Bc4 Be6 26.Rxd8+ Bxd8 27.Nd6 Nd3 28.Bxe6 fxe6 29.Nxb7 Nxe1
30.Bxe1 Rc6 31.Qb5 Rc8 32.h3 Bc7 33.Qa6 Rf8 34.Nxa5 Qxc5 35.Qxe6+ Kh8 36.Nc4 Rf6
37.Qc8+ Rf8 38.Qa6 Qd4 39.Qb5 Qd1 40.Qb4 Rb8 41.Qc3 Qxa4 42.Nxe5 Bxe5 43.Qxe5 Re8
44.Qc3 Qd1  0-1

[Event "Steinhart Mem"]
[Site "Herzeliya ISR"]
[Date "2006.12.29"]
[Round "6"]
[White "Lerner,K"]
[Black "Zifroni,D"]
[Result "1/2-1/2"]
[WhiteElo "2529"]
[BlackElo "2523"]

1.d4 d5 2.c4 c6 3.Nf3 Nf6 4.Nc3 e6 5.e3 Nbd7 6.Qc2 Bd6 7.g4 h6 8.Bd2 Qe7
9.Rg1 Bb4 10.a3 Bxc3 11.Bxc3 Ne4 12.Bd3 Nxc3 13.Qxc3 dxc4  1/2-1/2

[Event "Steinhart Mem"]
[Site "Herzeliya ISR"]
[Date "2006.12.30"]
[Round "8"]
[White "Bykhovsky,Av"]
[Black "Zifroni,D"]
[Result "1-0"]
[WhiteElo "2458"]
[BlackElo "2523"]

1.c4 Nf6 2.Nf3 c6 3.d4 d5 4.Nc3 e6 5.e3 Nbd7 6.Qc2 Bd6 7.b3 O-O 8.Be2 e5
9.cxd5 cxd5 10.Nb5 Bb4+ 11.Bd2 Bxd2+ 12.Nxd2 a6 13.dxe5 Nxe5 14.Nd4 Bg4 15.Bxg4 Nfxg4
16.O-O Rc8 17.Qb1 Qd6 18.h3 Nf6 19.a4 Qb4 20.Ra2 Nc6 21.N2f3 Ne4 22.Qe1 Qe7
23.Rc2 Ng5 24.Qb1 Nxf3+ 25.Nxf3 Qe4 26.Rfc1 Rcd8 27.Rd2 h6 28.Nd4 Qxb1 29.Rxb1 Nb4
30.Ne2 Rfe8 31.Nc3 f5 32.Rbd1 Re5 33.Rd4 a5 34.Kf1 g5 35.g3 h5 36.Ke2 g4
37.h4 Kg7 38.R1d2 Kh6 39.Kd1 Rd6 40.Kc1 Rc6 41.Kb2 Rc5 42.Na2 Nxa2 43.Kxa2 Kg6
44.b4 axb4 45.Rxb4 Re4 46.Rb6+ Rc6 47.Rxc6+ bxc6 48.Kb3 Re8 49.Kb4 Ra8 50.Ra2 Kf6
51.Kc5 Ke6 52.Kxc6 Rc8+ 53.Kb7 Rc1 54.a5 Rb1+ 55.Kc7 Rc1+ 56.Kd8 d4 57.exd4 Rc4
58.a6 Rxd4+ 59.Kc7 Rc4+ 60.Kb6 Rb4+ 61.Kc5  1-0

[Event "1st Open"]
[Site "Illes Medes ESP"]
[Date "2006.12.31"]
[Round "5"]
[White "Campos Moreno,J"]
[Black "Lopez Martinez,J"]
[Result "1/2-1/2"]
[WhiteElo "2446"]
[BlackElo "2508"]

1.d4 Nf6 2.c4 e6 3.Nf3 d5 4.Nc3 c6 5.e3 a6 6.b3 c5 7.cxd5 exd5 8.Bb2 cxd4
9.Nxd4 Bd6 10.Be2 O-O 11.Bf3 Be5 12.O-O Qd6 13.g3 Rd8 14.Qd3 Nc6 15.Nxc6 bxc6
16.Na4 Bxb2 17.Nxb2 c5 18.Rfd1 Bg4 19.Bxg4 Nxg4 20.Qf5 Nf6 21.Rac1 Rac8 22.Na4 Rc6
23.Nc3  1/2-1/2

[Event "Hilton Open"]
[Site "Basel SUI"]
[Date "2007.01.02"]
[Round "2"]
[White "Rausis,I"]
[Black "Fargere,Fr"]
[Result "1-0"]
[WhiteElo "2521"]
[BlackElo "2330"]

1.d4 d5 2.c4 c6 3.Nf3 Nf6 4.Nc3 e6 5.e3 Nbd7 6.Qc2 Bd6 7.Be2 O-O 8.O-O dxc4
9.Bxc4 b5 10.Bd3 Bb7 11.a3 h6 12.Bd2 a5 13.h3 Qe7 14.Rfe1 b4 15.axb4 axb4
16.Na4 e5 17.e4 Nh5 18.g3 Ra5 19.Bf1 Rfa8 20.b3 Qf6 21.dxe5 Nxe5 22.Nh2 g5
23.Rad1 c5 24.Bc1 Ng7 25.Bb2 Qg6 26.Nb6 Re8 27.Nd5 Bb8 28.Bg2 Ne6 29.Ng4 Nxg4
30.hxg4 Bxd5 31.Rxd5 Ra7 32.Qc4 Rae7 33.Red1 Ba7 34.Rd6 h5 35.gxh5 Qxh5 36.Qd3 Nd4
37.Bxd4 cxd4 38.Rd5 Re5 39.Rxe5 Rxe5 40.Ra1 Re7 41.Qb5 Qg4 42.Rxa7 Rxa7 43.Qb8+ Kh7
44.Qxa7 Qd1+ 45.Bf1 d3 46.Qxf7+ Kh6 47.Qe6+ Kh5 48.Qd7 d2 49.Qh7+ Kg4 50.Qh3+ Kf3
51.Qf5+  1-0

[Event "Bundesliga 2006-7"]
[Site "Berlin GER"]
[Date "2007.01.02"]
[Round "7"]
[White "Golod,V"]
[Black "Erenburg,S"]
[Result "1/2-1/2"]
[WhiteElo "2597"]
[BlackElo "2574"]

1.d4 d5 2.c4 c6 3.Nf3 Nf6 4.Nc3 e6 5.e3 Nbd7 6.Bd3 dxc4 7.Bxc4 b5 8.Bd3 b4
9.Ne4 Nxe4 10.Bxe4 Bb7 11.O-O Be7 12.Nd2 O-O 13.b3 Nf6 14.Bf3 Rb8 15.a3 c5
16.dxc5 Bxc5 17.axb4 Bxb4 18.Rxa7 Bxf3 19.Nxf3 Bc5 20.Qxd8 Rfxd8 21.Ra5 Bb4
22.Ra7 Bc5 23.Rc7 Ne4 24.Nd2 Nxd2 25.Bxd2 Rxd2 26.Rxc5 g6 27.Rc3  1/2-1/2

[Event "Bundesliga 2006-7"]
[Site "Tegernsee GER"]
[Date "2007.01.02"]
[Round "7"]
[White "Braun,A"]
[Black "Ribli,Z"]
[Result "1/2-1/2"]
[WhiteElo "2537"]
[BlackElo "2588"]

1.d4 d5 2.c4 c6 3.Nf3 Nf6 4.Nc3 e6 5.e3 Nbd7 6.Bd3 dxc4 7.Bxc4 b5 8.Bd3 Bb7
9.a3 Bd6 10.O-O O-O 11.h3 Re8 12.e4 e5 13.Bg5 h6 14.Bh4 a6 15.Bc2 Rc8 16.Qd2 c5
17.dxc5 Bxc5 18.Rad1 Qb6  1/2-1/2

[Event "Australian Open"]
[Site "Tuggeranong AUS"]
[Date "2007.01.02"]
[Round "5"]
[White "Suttor,V"]
[Black "Goldenberg,I"]
[Result "1/2-1/2"]
[WhiteElo "2128"]
[BlackElo "2358"]

1.d4 d5 2.c4 c6 3.e3 Nf6 4.Nf3 e6 5.Nc3 Nbd7 6.Bd3 dxc4 7.Bxc4 b5 8.Bd3 a6
9.e4 c5 10.d5 c4 11.dxe6 cxd3 12.exd7+ Qxd7 13.O-O Bb7 14.Ne5 Qd4 15.Nf3 Qd7
16.Ne5 Qd6 17.Nxd3 Rd8 18.Qe2 b4 19.e5 Nd7 20.Ne4 Be7 21.f4 O-O 22.f5 Qd5
23.f6 Bxf6 24.exf6 Qxe4 25.Qxe4 Bxe4 26.fxg7 Kxg7 27.Nf4 Rde8 28.Bd2 Rb8
29.a3 bxa3 30.Rxa3 Rb6 31.Rg3+ Bg6 32.h4 h5 33.Rg5 Kh7 34.Bc3 Nf6 35.Bxf6 Rxf6
36.Nxh5 Rxf1+ 37.Kxf1 f6 38.Rd5 Bxh5 39.Rxh5+ Kg6 40.Ra5 Rb8 41.Rxa6 Rxb2
42.Ra5 Rb4 43.g3 Rb2 44.Kg1 Rc2 45.Ra4 Rb2 46.Rf4 Ra2 47.Rf2 Ra4 48.Kg2 f5
49.Rd2 Rb4 50.Rd6+ Kg7 51.Kf3 Ra4 52.Rb6 Rc4 53.h5 Ra4 54.Rg6+ Kf7 55.Rb6 Kg7
56.Rb5 Kf6 57.Rb7 Kg5 58.Rh7 Ra3+ 59.Kf2 Ra6  1/2-1/2